Fault tolerant vector control of induction motor drive; IOP Conference Series: Materials Science and Engineering; Vol. 66: 20th International Conference for Students and Young Scientists: Modern Techniques and Technologies (MTT'2014), Tomsk, Russia, 14-18 April 2014

Xehetasun bibliografikoak
Parent link:IOP Conference Series: Materials Science and Engineering
Vol. 66: 20th International Conference for Students and Young Scientists: Modern Techniques and Technologies (MTT'2014), Tomsk, Russia, 14-18 April 2014.— 2014.— [012015, 6 p.]
Egile nagusia: Odnokopylov G. I. Georgy Ivanovich
Erakunde egilea: Национальный исследовательский Томский политехнический университет (ТПУ) Энергетический институт (ЭНИН) Кафедра электропривода и электрооборудования (ЭПЭО)
Beste egile batzuk: Bragin A. D. Aleksandr Dmitrievich
Gaia:Title screen
For electric composed of technical objects hazardous industries, such as nuclear, military, chemical, etc. an urgent task is to increase their resiliency and survivability. The construction principle of vector control system fault-tolerant asynchronous electric. Displaying recovery efficiency three-phase induction motor drive in emergency mode using two-phase vector control system. The process of formation of a simulation model of the asynchronous electric unbalance in emergency mode. When modeling used coordinate transformation, providing emergency operation electric unbalance work. The results of modeling transient phase loss motor stator. During a power failure phase induction motor cannot save circular rotating field in the air gap of the motor and ensure the restoration of its efficiency at rated torque and speed.
Режим доступа: по договору с организацией-держателем ресурса
Hizkuntza:ingelesa
Argitaratua: 2014
Gaiak:
Sarrera elektronikoa:http://iopscience.iop.org/1757-899X/66/1/012015
Formatua: MixedMaterials Baliabide elektronikoa Liburu kapitulua
KOHA link:https://koha.lib.tpu.ru/cgi-bin/koha/opac-detail.pl?biblionumber=637847

MARC

LEADER 00000nla2a2200000 4500
001 637847
005 20231215143705.0
035 |a (RuTPU)RU\TPU\network\2027 
035 |a RU\TPU\network\2025 
090 |a 637847 
100 |a 20141029a2014 k y0engy50 ba 
101 0 |a eng 
102 |a GB 
105 |a a z 100zy 
135 |a drcn ---uucaa 
181 0 |a i  
182 0 |a b 
200 1 |a Fault tolerant vector control of induction motor drive  |f G. I. Odnokopylov, A. Bragin 
203 |a Text  |c electronic 
300 |a Title screen 
320 |a [References: 6 tit.] 
330 |a For electric composed of technical objects hazardous industries, such as nuclear, military, chemical, etc. an urgent task is to increase their resiliency and survivability. The construction principle of vector control system fault-tolerant asynchronous electric. Displaying recovery efficiency three-phase induction motor drive in emergency mode using two-phase vector control system. The process of formation of a simulation model of the asynchronous electric unbalance in emergency mode. When modeling used coordinate transformation, providing emergency operation electric unbalance work. The results of modeling transient phase loss motor stator. During a power failure phase induction motor cannot save circular rotating field in the air gap of the motor and ensure the restoration of its efficiency at rated torque and speed. 
333 |a Режим доступа: по договору с организацией-держателем ресурса 
461 0 |0 (RuTPU)RU\TPU\network\2008  |t IOP Conference Series: Materials Science and Engineering 
463 0 |0 (RuTPU)RU\TPU\network\2009  |t Vol. 66: 20th International Conference for Students and Young Scientists: Modern Techniques and Technologies (MTT'2014), Tomsk, Russia, 14-18 April 2014  |f National Research Tomsk Polytechnic University (TPU)  |v [012015, 6 p.]  |d 2014 
610 1 |a электронный ресурс 
610 1 |a труды учёных ТПУ 
610 1 |a асинхронные приводы 
700 1 |a Odnokopylov  |b G. I.  |c specialist in the field of electrical engineering  |c Professor of the Tomsk Polytechnic University, Doctor of Sciences  |f 1958-  |g Georgy Ivanovich  |3 (RuTPU)RU\TPU\pers\31740  |9 15853 
701 1 |a Bragin  |b A. D.  |c specialist in the field of electrical engineering  |c Postgraduate of Tomsk Polytechnic University  |f 1991-  |g Aleksandr Dmitrievich  |3 (RuTPU)RU\TPU\pers\45579 
712 0 2 |a Национальный исследовательский Томский политехнический университет (ТПУ)  |b Энергетический институт (ЭНИН)  |b Кафедра электропривода и электрооборудования (ЭПЭО)  |3 (RuTPU)RU\TPU\col\18674 
801 1 |a RU  |b 63413507  |c 20140916 
801 2 |a RU  |b 63413507  |c 20191212  |g RCR 
856 4 |u http://iopscience.iop.org/1757-899X/66/1/012015 
942 |c CF